000 00592nam a2200229Ia 4500
003 OSt
005 20220924153017.0
006 a|||||r|||| 00| 0
007 ta
008 220923b |||||||| |||| 00| 0 guj d
024 _a346440
037 _cTextual
040 _aARTS
_cARTS
_bguj
041 _2guj
_aguj
082 _aO156,3N092,4, K4.1-.2
100 _aBrahma bhatt
_9227975
245 0 _aParaki thapan
260 _c1964
650 _aGUJRATI LITERATURE
942 _hO156,3N092,4, K4.1-.2
_cTEXL
_2CC
999 _c471981
_d471981